| 000 | 00524nam a22001817a 4500 | ||
|---|---|---|---|
| 003 | CEME | ||
| 005 | 20210628201833.0 | ||
| 008 | 210222b xxu||||| |||| 00| 0 eng d | ||
| 020 | _a81-219-0162-6 | ||
| 040 | _c. | ||
| 082 | _a621.26 KHU | ||
| 100 |
_aKhurmi, R.S _924542 |
||
| 245 | _aA textbook of hydraulics, fluid mechanics and hydraulic machines, si units | ||
| 260 |
_aNEW DEHLI _bS.CHAND AND COMPANY _c2001 |
||
| 300 | _a666P | ||
| 650 |
_aHYDRAULICS FLUID MECHANICS HYDRAULIC MACHINES _957033 |
||
| 942 |
_cBK _2ddc |
||
| 999 |
_c567344 _d567344 |
||